<?xml version="1.0" encoding="UTF-8"?><?xml-stylesheet type="text/xsl" href="static/style.xsl"?><OAI-PMH xmlns="http://www.openarchives.org/OAI/2.0/" xmlns:xsi="http://www.w3.org/2001/XMLSchema-instance" xsi:schemaLocation="http://www.openarchives.org/OAI/2.0/ http://www.openarchives.org/OAI/2.0/OAI-PMH.xsd"><responseDate>2026-04-17T14:33:04Z</responseDate><request verb="GetRecord" identifier="oai:www.recercat.cat:11351/10606" metadataPrefix="marc">https://recercat.cat/oai/request</request><GetRecord><record><header><identifier>oai:recercat.cat:11351/10606</identifier><datestamp>2025-10-04T05:19:23Z</datestamp><setSpec>com_2072_378070</setSpec><setSpec>com_2072_378040</setSpec><setSpec>col_2072_378092</setSpec></header><metadata><record xmlns="http://www.loc.gov/MARC21/slim" xmlns:dcterms="http://purl.org/dc/terms/" xmlns:xsi="http://www.w3.org/2001/XMLSchema-instance" xmlns:doc="http://www.lyncode.com/xoai" xsi:schemaLocation="http://www.loc.gov/MARC21/slim http://www.loc.gov/standards/marcxml/schema/MARC21slim.xsd">
   <leader>00925njm 22002777a 4500</leader>
   <datafield ind2=" " ind1=" " tag="042">
      <subfield code="a">dc</subfield>
   </datafield>
   <datafield ind2=" " ind1=" " tag="720">
      <subfield code="a">Zhou, Caicun</subfield>
      <subfield code="e">author</subfield>
   </datafield>
   <datafield ind2=" " ind1=" " tag="720">
      <subfield code="a">Srivastava, Minu K</subfield>
      <subfield code="e">author</subfield>
   </datafield>
   <datafield ind2=" " ind1=" " tag="720">
      <subfield code="a">Xu, Hao</subfield>
      <subfield code="e">author</subfield>
   </datafield>
   <datafield ind2=" " ind1=" " tag="720">
      <subfield code="a">Wakelee, Heather</subfield>
      <subfield code="e">author</subfield>
   </datafield>
   <datafield ind2=" " ind1=" " tag="720">
      <subfield code="a">altorki, nasser</subfield>
      <subfield code="e">author</subfield>
   </datafield>
   <datafield ind2=" " ind1=" " tag="720">
      <subfield code="a">FELIP, ENRIQUETA</subfield>
      <subfield code="e">author</subfield>
   </datafield>
   <datafield ind2=" " ind1=" " tag="260">
      <subfield code="c">2023-11-14T13:18:26Z</subfield>
   </datafield>
   <datafield ind2=" " ind1=" " tag="260">
      <subfield code="c">2023-11-14T13:18:26Z</subfield>
   </datafield>
   <datafield ind2=" " ind1=" " tag="260">
      <subfield code="c">2023-10</subfield>
   </datafield>
   <datafield ind2=" " ind1=" " tag="520">
      <subfield code="a">Immune checkpoint inhibitors; Non-small cell lung cancer; Tumor biomarkers</subfield>
   </datafield>
   <datafield ind2=" " ind1=" " tag="520">
      <subfield code="a">Inhibidors del punt de control immunitari; Càncer de pulmó de cèl·lules no petites; Biomarcadors tumorals</subfield>
   </datafield>
   <datafield ind2=" " ind1=" " tag="520">
      <subfield code="a">Inhibidores de puntos de control inmunológico; Cáncer de pulmón de células no pequeñas; Biomarcadores tumorales</subfield>
   </datafield>
   <datafield ind2=" " ind1=" " tag="520">
      <subfield code="a">Background Tumor samples from the phase III IMpower010 study were used to compare two programmed death-ligand 1 (PD-L1) immunohistochemistry assays (VENTANA SP263 and Dako 22C3) for identification of PD-L1 patient subgroups (negative, positive, low, and high expression) and their predictive value for adjuvant atezolizumab compared with best supportive care (BSC) in resectable early-stage non-small cell lung cancer (NSCLC).&#xd;
Methods PD-L1 expression was assessed by the SP263 assay, which measured the percentage of tumor cells with any membranous PD-L1 staining, and the 22C3 assay, which scored the percentage of viable tumor cells showing partial or complete membranous PD-L1 staining.&#xd;
Results When examining the concordance at the PD-L1-positive threshold (SP263: tumor cell (TC)≥1%; 22C3: tumor proportion score (TPS)≥1%), the results were concordant between assays for 83% of the samples. Similarly, at the PD-L1–high cut-off (SP263: TC≥50%; 22C3: TPS≥50%), the results were concordant between assays for 92% of samples. The disease-free survival benefit of atezolizumab over BSC was comparable between assays for PD-L1-positive (TC≥1% by SP263: HR, 0.58 (95% CI: 0.40 to 0.85) vs TPS≥1% by 22C3: HR, 0.65 (95% CI: 0.45 to 0.95)) and PD-L1-high (TC≥50% by SP263: HR, 0.27 (95% CI: 0.14 to 0.53) vs TPS≥50% by 22C3: HR, 0.31 (95% CI: 0.16 to 0.60)) subgroups.&#xd;
Conclusions The SP263 and 22C3 assays showed high concordance and a comparable clinical predictive value of atezolizumab at validated PD-L1 thresholds, suggesting that both assays can identify patients with early-stage NSCLC most likely to experience benefit from adjuvant atezolizumab.</subfield>
   </datafield>
   <datafield ind2=" " ind1=" " tag="520">
      <subfield code="a">This work was supported by F. Hoffmann-La Roche Ltd/Genentech, Inc, a member of the Roche Group. Editorial support, funded by the sponsor, was provided by an independent medical writer under the guidance of the authors.</subfield>
   </datafield>
   <datafield tag="653" ind2=" " ind1=" ">
      <subfield code="a">Pulmons - Càncer - Immunoteràpia</subfield>
   </datafield>
   <datafield tag="653" ind2=" " ind1=" ">
      <subfield code="a">Immunohistoquímica</subfield>
   </datafield>
   <datafield tag="653" ind2=" " ind1=" ">
      <subfield code="a">DISEASES::Neoplasms::Neoplasms by Site::Thoracic Neoplasms::Respiratory Tract Neoplasms::Lung Neoplasms::Bronchial Neoplasms::Carcinoma, Bronchogenic::Carcinoma, Non-Small-Cell Lung</subfield>
   </datafield>
   <datafield tag="653" ind2=" " ind1=" ">
      <subfield code="a">ANALYTICAL, DIAGNOSTIC AND THERAPEUTIC TECHNIQUES, AND EQUIPMENT::Diagnosis::Diagnostic Techniques and Procedures::Clinical Laboratory Techniques::Cytological Techniques::Histocytochemistry::Immunohistochemistry</subfield>
   </datafield>
   <datafield tag="653" ind2=" " ind1=" ">
      <subfield code="a">CHEMICALS AND DRUGS::Chemical Actions and Uses::Pharmacologic Actions::Physiological Effects of Drugs::Immunologic Factors::Adjuvants, Immunologic</subfield>
   </datafield>
   <datafield tag="653" ind2=" " ind1=" ">
      <subfield code="a">ENFERMEDADES::neoplasias::neoplasias por localización::neoplasias torácicas::neoplasias del tracto respiratorio::neoplasias pulmonares::neoplasias de los bronquios::carcinoma broncogénico::carcinoma de pulmón de células no pequeñas</subfield>
   </datafield>
   <datafield tag="653" ind2=" " ind1=" ">
      <subfield code="a">TÉCNICAS Y EQUIPOS ANALÍTICOS, DIAGNÓSTICOS Y TERAPÉUTICOS::diagnóstico::técnicas y procedimientos diagnósticos::técnicas de laboratorio clínico::técnicas citológicas::histocitoquímica::inmunohistoquímica</subfield>
   </datafield>
   <datafield tag="653" ind2=" " ind1=" ">
      <subfield code="a">COMPUESTOS QUÍMICOS Y DROGAS::acciones y usos químicos::acciones farmacológicas::efectos fisiológicos de los fármacos::factores inmunitarios::adyuvantes inmunitarios</subfield>
   </datafield>
   <datafield ind2="0" ind1="0" tag="245">
      <subfield code="a">Comparison of SP263 and 22C3 immunohistochemistry PD-L1 assays for clinical efficacy of adjuvant atezolizumab in non-small cell lung cancer: results from the randomized phase III IMpower010 trial</subfield>
   </datafield>
</record></metadata></record></GetRecord></OAI-PMH>